教育相談事典= Encyclopedia of education consulation
Gardado en:
| Formato: | Libro |
|---|---|
| Idioma: | Undetermined |
| Publicado: |
Japan
Longman
1966
|
| Những chủ đề: | |
| Các nhãn: |
Engadir etiqueta
Sen Etiquetas, Sexa o primeiro en etiquetar este rexistro!
|
| Thư viện lưu trữ: | Trung tâm Học liệu Trường Đại học Cần Thơ |
|---|
| LEADER | 00507nam a2200181Ia 4500 | ||
|---|---|---|---|
| 001 | CTU_237306 | ||
| 008 | 210402s9999 xx 000 0 und d | ||
| 082 | |a 370.3 | ||
| 082 | |b E56 | ||
| 245 | 0 | |a 教育相談事典= | |
| 245 | 0 | |b Encyclopedia of education consulation | |
| 260 | |a Japan | ||
| 260 | |b Longman | ||
| 260 | |c 1966 | ||
| 650 | |a Giáo dục,Education | ||
| 650 | |x Từ điển bách khoa,Encyclopedia | ||
| 910 | |a Tuyến | ||
| 980 | |a Trung tâm Học liệu Trường Đại học Cần Thơ | ||